Penny dreadful. The complete first season (Record no. 292097)
[ view plain ]
| 000 -LEADER | |
|---|---|
| fixed length control field | 03531cgm a2200637M 4500 |
| 001 - CONTROL NUMBER | |
| control field | ocn948612722 |
| 003 - CONTROL NUMBER IDENTIFIER | |
| control field | OCoLC |
| 005 - DATE AND TIME OF LATEST TRANSACTION | |
| control field | 20251205125211.0 |
| 007 - PHYSICAL DESCRIPTION FIXED FIELD--GENERAL INFORMATION | |
| fixed length control field | vd cvaizq |
| 008 - FIXED-LENGTH DATA ELEMENTS--GENERAL INFORMATION | |
| fixed length control field | 150911s2014 cau435 g vleng d |
| 020 ## - INTERNATIONAL STANDARD BOOK NUMBER | |
| Terms of availability | 24.95 |
| 024 1# - OTHER STANDARD IDENTIFIER | |
| Standard number or code | 032429200211 |
| 028 00 - PUBLISHER NUMBER | |
| Publisher number | 59163367000 |
| Source | Showtime Entertainment |
| 035 ## - SYSTEM CONTROL NUMBER | |
| System control number | (OCoLC)948612722 |
| 040 ## - CATALOGING SOURCE | |
| Original cataloging agency | XOL |
| Language of cataloging | eng |
| Transcribing agency | XOL |
| Modifying agency | OCLCO |
| -- | OCLCF |
| -- | OCLCO |
| -- | WACOL |
| Description conventions | rda |
| 049 ## - LOCAL HOLDINGS (OCLC) | |
| Holding library | WACL |
| 092 ## - LOCALLY ASSIGNED DEWEY CALL NUMBER (OCLC) | |
| Classification number | DVD |
| Item number | Pen |
| 245 00 - TITLE STATEMENT | |
| Title | Penny dreadful. The complete first season |
| Medium | [dvd/videorecording] / |
| 246 3# - VARYING FORM OF TITLE | |
| Title proper/short title | Penny dreadful : season one |
| 246 3# - VARYING FORM OF TITLE | |
| Title proper/short title | Penny dreadful : season 1 |
| 260 ## - PUBLICATION, DISTRIBUTION, ETC. (IMPRINT) | |
| Place of publication, distribution, etc | Hollywood, Calif. : |
| Name of publisher, distributor, etc | Showtime Entertainment, |
| Date of publication, distribution, etc | 2014. |
| 264 ## - Production, Publication, Distribution, Manufacture, and Copyright Notice. | |
| Place of production, publication, distribution, manufacture | Hollywood, Calif. : |
| Name of producer, publisher, distributor, manufacturer | Showtime presents ; in association with Sky ; producers, James Flynn, Morgan O'Sullivan ; executive producers, John Logan, Pippa Harris, Sam Mendes ; created & written by John Logan. |
| Date of production, publication, distribution, manufacture, or copyr | 2014 |
| 300 ## - PHYSICAL DESCRIPTION | |
| Extent | 3 videodiscs (435 min.) : |
| Other physical details | sd., col. ; |
| Dimensions | 4 3/4 in. |
| 500 ## - GENERAL NOTE | |
| General note | DVD release of episodes originally broadcast on television in 2014. |
| 505 0# - FORMATTED CONTENTS NOTE | |
| Formatted contents note | Disc one: Night work -- Seance -- Resurrection -- Disc two: Demimonde -- Closer than sisters -- What death can join together -- Possession -- Disc three: Grand guignol -- Special features : What is a penny dreadful? -- Literary roots -- Coming together -- The artisans, part 1 and 2 -- The Grand guignol -- Sex and prostitution in the Victorian age -- British exploration & the search for the Nile -- The science of medicine. |
| 511 0# - PARTICIPANT OR PERFORMER NOTE | |
| Participant or performer note | Timothy Dalton, Josh Hartnett, Helen McCrory, Eva Green, Simon Russell Beale, Billie Piper, Reeve Carney, Rory Kinnear, Danny Sapani, Harry Treadaway. |
| 520 0# - SUMMARY, ETC. | |
| Summary, etc | An erotically charged, profoundly unsettling new saga that completely reinvents literature's most iconic and terrifying characters. Dorian Gray, Victor Frankenstein, and timeless figures from Dracula join a core of original characters in a dark and brutal quest to save a soul, even as they grapple with their own monstrous temptations. |
| 521 ## - TARGET AUDIENCE NOTE | |
| Target audience note | MPAA rating: Not rated. Contains violence, disturbing content, and gory scenes. |
| 538 ## - SYSTEM DETAILS NOTE | |
| System details note | DVD ; widescreen (16:9 aspect ratio) presentation ; Dolby digital 5.1 surround (English) and 2.0 stereo. surround (English) and 2.0 stereo. (Spanish). |
| 650 #0 - SUBJECT ADDED ENTRY--TOPICAL TERM | |
| Topical term or geographic name as entry element | Television series. |
| 9 (RLIN) | 5915978 |
| 650 #0 - SUBJECT ADDED ENTRY--TOPICAL TERM | |
| Topical term or geographic name as entry element | Vampires |
| Form subdivision | Drama. |
| 9 (RLIN) | 5684797 |
| 650 #0 - SUBJECT ADDED ENTRY--TOPICAL TERM | |
| Topical term or geographic name as entry element | Supernatural |
| Form subdivision | Drama. |
| 9 (RLIN) | 5679230 |
| 650 #0 - SUBJECT ADDED ENTRY--TOPICAL TERM | |
| Topical term or geographic name as entry element | Video recordings for the hearing impaired. |
| 9 (RLIN) | 5915979 |
| 650 #0 - SUBJECT ADDED ENTRY--TOPICAL TERM | |
| Topical term or geographic name as entry element | Frankenstein, Victor (Fictitious character) |
| Form subdivision | Drama. |
| 9 (RLIN) | 6378058 |
| 650 #7 - SUBJECT ADDED ENTRY--TOPICAL TERM | |
| Topical term or geographic name as entry element | Frankenstein, Victor (Fictitious character) |
| Source of heading or term | fast |
| 9 (RLIN) | 5887478 |
| 650 #7 - SUBJECT ADDED ENTRY--TOPICAL TERM | |
| Topical term or geographic name as entry element | Supernatural. |
| Source of heading or term | fast |
| 9 (RLIN) | 5915981 |
| 650 #7 - SUBJECT ADDED ENTRY--TOPICAL TERM | |
| Topical term or geographic name as entry element | Television series. |
| Source of heading or term | fast |
| 9 (RLIN) | 5915978 |
| 650 #7 - SUBJECT ADDED ENTRY--TOPICAL TERM | |
| Topical term or geographic name as entry element | Vampires. |
| Source of heading or term | fast |
| 9 (RLIN) | 5915982 |
| 650 #7 - SUBJECT ADDED ENTRY--TOPICAL TERM | |
| Topical term or geographic name as entry element | Video recordings for the hearing impaired. |
| Source of heading or term | fast |
| 9 (RLIN) | 5915979 |
| 651 #0 - SUBJECT ADDED ENTRY--GEOGRAPHIC NAME | |
| Geographic name | London (England) |
| Form subdivision | Drama. |
| 9 (RLIN) | 5703301 |
| 651 #7 - SUBJECT ADDED ENTRY--GEOGRAPHIC NAME | |
| Geographic name | England |
| Geographic subdivision | London. |
| Source of heading or term | fast |
| 9 (RLIN) | 5697968 |
| 655 #7 - INDEX TERM--GENRE/FORM | |
| Genre/form data or focus term | Drama. |
| Source of term | fast |
| 9 (RLIN) | 5673873 |
| 700 1# - ADDED ENTRY--PERSONAL NAME | |
| Personal name | Dalton, Timothy, |
| Dates associated with a name | 1944- |
| 9 (RLIN) | 28878 |
| 700 1# - ADDED ENTRY--PERSONAL NAME | |
| Personal name | Hartnett, Josh, |
| Dates associated with a name | 1978- |
| 9 (RLIN) | 58325 |
| 700 1# - ADDED ENTRY--PERSONAL NAME | |
| Personal name | McCrory, Helen. |
| 9 (RLIN) | 66815 |
| 700 1# - ADDED ENTRY--PERSONAL NAME | |
| Personal name | Green, Eva, |
| Dates associated with a name | 1980- |
| 9 (RLIN) | 71275 |
| 700 1# - ADDED ENTRY--PERSONAL NAME | |
| Personal name | Piper, Billie, |
| Dates associated with a name | 1982- |
| 9 (RLIN) | 66006 |
| 700 1# - ADDED ENTRY--PERSONAL NAME | |
| Personal name | Carney, Reeve. |
| 9 (RLIN) | 5915983 |
| 700 1# - ADDED ENTRY--PERSONAL NAME | |
| Personal name | Kinnear, Rory, |
| Dates associated with a name | 1978- |
| 9 (RLIN) | 5711643 |
| 700 1# - ADDED ENTRY--PERSONAL NAME | |
| Personal name | Sapani, Danny, |
| Dates associated with a name | 1970- |
| 9 (RLIN) | 5915984 |
| 700 1# - ADDED ENTRY--PERSONAL NAME | |
| Personal name | Treadaway, Harry, |
| Dates associated with a name | 1984- |
| 9 (RLIN) | 5878408 |
| 700 1# - ADDED ENTRY--PERSONAL NAME | |
| Personal name | Logan, John, |
| Dates associated with a name | 1961- |
| 9 (RLIN) | 44408 |
| 710 2# - ADDED ENTRY--CORPORATE NAME | |
| Corporate name or jurisdiction name as entry element | Showtime Networks. |
| 9 (RLIN) | 63052 |
| 942 ## - ADDED ENTRY ELEMENTS (KOHA) | |
| Koha item type | DVD |
| Source of classification or shelving scheme | Dewey Decimal Classification |
| 948 ## - LOCAL PROCESSING INFORMATION (OCLC); SERIES PART DESIGNATOR (RLIN) | |
| Series part designator, SPT (RLIN) | 08/12/2016 |
| z (OCLC) | Sirsi |
| Withdrawn status | Lost status | Source of classification or shelving scheme | Materials specified (bound volume or other part) | Damaged status | Not for loan | Collection code | Home library | Current library | Shelving location | Date acquired | Source of acquisition | Cost, normal purchase price | Total Checkouts | Total Renewals | Full call number | Barcode | Date last seen | Date checked out | Cost, replacement price | Price effective from | Koha item type |
|---|---|---|---|---|---|---|---|---|---|---|---|---|---|---|---|---|---|---|---|---|---|
| Dewey Decimal Classification | .CIRCNOTE. 3 discs | Television Series | Wasatch County Library | Wasatch County Library | Audio Visual Area | 08/12/2016 | Amazon | 17.95 | 22 | 3 | TV Series Penny Dreadful #1 | 34301001342809 | 02/18/2026 | 02/11/2026 | 17.95 | 03/20/2020 | DVD Series |
